000 00327nam a2200133Ia 4500
005 20260328104319.0
008 260328s9999||||xx |||||||||||||| ||und||
100 _aContal, Marie-Helene
245 0 _aChristian Hauvette /
_cMarie-Helene Contal
260 _bGustavo Gili
300 _a95 p.
650 _aESCUELAS
942 _cBK
999 _c11284
_d11284